INDIAN CONTRACT ACT (Record no. 9568)

MARC details
000 -LEADER
fixed length control field 00327nam a22001457a 4500
003 - CONTROL NUMBER IDENTIFIER
control field SGT
020 ## - INTERNATIONAL STANDARD BOOK NUMBER
International Standard Book Number 9788189530419
082 ## - DEWEY DECIMAL CLASSIFICATION NUMBER
Classification number 346.20954,BAN
100 ## - MAIN ENTRY--PERSONAL NAME
Personal name BANGIA,R.K
245 ## - TITLE STATEMENT
Title INDIAN CONTRACT ACT
260 ## - PUBLICATION, DISTRIBUTION, ETC. (IMPRINT)
Place of publication, distribution, etc FARIDABAD
Name of publisher, distributor, etc ALLAHABAD LAW AGENCY
Year of Publication 2013
300 ## - PAGE DESCRIPTION
No. of Pages 522
650 ## - SUBJECT ADDED ENTRY--TOPICAL TERM
Topical term or geographic name as entry element INDIAN CONTRACT ACT
942 ## - ADDED ENTRY ELEMENTS (KOHA)
Source of classification or shelving scheme Dewey Decimal Classification
Koha item type Books
Holdings
Withdrawn status Lost status Source of classification or shelving scheme Damaged status Not for loan Collection code Home library Current library Shelving location Date acquired Vendor Name Cost, normal purchase price SGTU Bill Number Full call number Accession No. (Barcode) Date last seen Bill Date Koha item type Total Checkouts Total Renewals Date last borrowed
Withdrawn Lost Dewey Decimal Classification     LAW SGT Science & Social Sciences Library SGT Science & Social Sciences Library Text Book 21/07/2016 SATYAM BOOKS 345.00 SGTU 985 346.20954,BAN FL70 21/11/2018 22/01/2014 Books      
    Dewey Decimal Classification     LAW SGT Science & Social Sciences Library SGT Science & Social Sciences Library Text Book 21/07/2016 SATYAM BOOKS 345.00 SGTU 985 346.20954,BAN FL71 16/06/2025 22/01/2014 Books 3 1 25/03/2019
    Dewey Decimal Classification     LAW SGT Science & Social Sciences Library SGT Science & Social Sciences Library Text Book 21/07/2016 SATYAM BOOKS 345.00 SGTU 985 346.20954,BAN FL72 26/03/2019 22/01/2014 Books 2   25/03/2019
    Dewey Decimal Classification     LAW SGT Science & Social Sciences Library SGT Science & Social Sciences Library Text Book 21/07/2016 SATYAM BOOKS 345.00 SGTU 985 346.20954,BAN FL73 16/06/2025 22/01/2014 Books 3   25/03/2019
    Dewey Decimal Classification     LAW SGT Science & Social Sciences Library SGT Science & Social Sciences Library Text Book 21/07/2016 SATYAM BOOKS 345.00 SGTU 985 346.20954,BAN FL74 26/03/2019 22/01/2014 Books 3 1 25/03/2019
    Dewey Decimal Classification     LAW SGT Science & Social Sciences Library SGT Science & Social Sciences Library Text Book 21/07/2016 SATYAM BOOKS 345.00 SGTU 985 346.20954,BAN FL75 13/03/2020 22/01/2014 Books 4 4 05/02/2020
    Dewey Decimal Classification     LAW SGT Science & Social Sciences Library SGT Science & Social Sciences Library Text Book 21/07/2016 SATYAM BOOKS 345.00 SGTU 985 346.20954,BAN FL76 03/11/2017 22/01/2014 Books 1   12/10/2017